Finland Olympic ice hockey roster 2026 - Statistics

General Stats
  • This quiz has been taken 276 times
  • The average score is 16 of 25
Answer Stats
Answer % Correct
Juuse Saros
92%
Mikko Rantanen
92%
Sebastian Aho
88%
Miro Heiskanen
85%
Mikael Granlund
80%
Roope Hintz
78%
Esa Lindell
75%
Anton Lundell
74%
Kaapo Kakko
70%
Joel Armia
68%
Kevin Lankinen
68%
Rasmus Ristolainen
65%
Oliver Kapanen
62%
Mikko Lehtonen
61%
Niko Mikkola
61%
Teuvo Teräväinen
61%
Joonas Korpisalo
58%
Artturi Lehkonen
56%
Erik Haula
56%
Olli Määttä
56%
Eeli Tolvanen
51%
Nikolas Matinpalo
50%
Eetu Luostarinen
48%
Henri Jokiharju
43%
Joel Kiviranta
36%
No matching quizzes found
Score Distribution
Percent of People with Each Score
Percentile by Number Answered
Your Score History
You have not taken this quiz